Statistiques concernant Chapitre Harry Potter 6

Cliquez ici pour prendre le quiz!

Statistiques générales

  • Ce quiz a été pris 8 fois
  • Le résultat moyen est 21 sur 30

Statistiques - réponses

Numéro du chapitreNom du chapitre% Correct
14Félix felicis
100%
4Horace slughorn
100%
9Le prince de sang-mêlé
100%
29La lamentation du Phénix
86%
23Les Horcruxes
86%
22Après l'enterrement
71%
19Des elfes sur les talons
71%
5Fleurk
71%
26La caverne
71%
28La fuite du prince
71%
11La main secourable d'Hermione
71%
20La requête de Lord Voldemort
71%
30La tombe blanche
71%
1L'autre ministre
71%
7Le club de Slug
71%
6L'escapade de Drago
71%
13Le secret de Jedusor
71%
15Le serment inviolable
71%
2L'impasse du tisseur
71%
16Un Noël glacial
71%
17Un souvenir brumeux
71%
25A l'écoute de la voyante
57%
12Argent et opale
57%
10La maison des Gaunt
57%
21La salle introuvable
57%
8La victoire de Rogue
57%
24Sectumsempra
57%
18Surprises d'anniversaire
57%
3Dernière volonté et mauvaise volonté
43%
27La tour frappé par la foudre
43%

Distribution des résultats

Percentile par nombre de réponses

% des personnes avec chaque résultat

Votre développement - résultats

Vous n’avez pas pris ce quiz